[Event "IECG CB.2007.0.00177 email"]
[Site "IECG email"]
[Date "2007.12.29"]
[Round "?"]
[White "Colucci, John"]
[Black "Hartmayer, Thomas"]
[Result "1/2-1/2"]
[WhiteElo "1900"]
[BlackElo "1865"]
[PlyCount "49"]
[EventDate "2007.12.29"]
[EventType "tourn (corr)"]
[EventRounds "6"]
[SourceTitle "Corr 2024"]
[Source "ChessBase"]
[SourceDate "2023.10.19"]
[SourceVersion "1"]
[SourceVersionDate "2023.10.19"]
[SourceQuality "1"]

1. e4 e5 2. Nf3 Nc6 3. Bb5 Bc5 4. c3 f5 5. d4 fxe4 6. Bxc6 dxc6 7. Nxe5 Qd5 8. Qh5+ g6 9. Qe2 Bd6 10. 0-0 Bf5 11. Nc4 Nf6 12. Nxd6+ cxd6 13. Bg5 0-0 14. Nd2 Rae8 15. Bxf6 Rxf6 16. Nc4 Bg4 17. f3 Bd7 18. Ne3 Qh5 19. Rae1 exf3 20. Rxf3 Rxf3 21. Qxf3 Qxf3 22. gxf3 Kf7 23. Kf2 b5 24. Nc2 Rxe1 25. Nxe1 1/2-1/2

[Event "IECG CB.2007.0.00177 email"]
[Site "IECG email"]
[Date "2007.12.29"]
[Round "?"]
[White "Hartmayer, Thomas"]
[Black "Pech, Jaroslav Sr"]
[Result "0-1"]
[WhiteElo "1865"]
[BlackElo "1895"]
[PlyCount "60"]
[EventDate "2007.12.29"]
[EventType "tourn (corr)"]
[EventRounds "6"]
[SourceTitle "Corr 2024"]
[Source "ChessBase"]
[SourceDate "2023.10.19"]
[SourceVersion "1"]
[SourceVersionDate "2023.10.19"]
[SourceQuality "1"]

1. e4 e5 2. f4 Bc5 3. Nf3 d6 4. c3 Nf6 5. fxe5 dxe5 6. Nxe5 0-0 7. d4 Bd6 8. Nf3 Nxe4 9. Bd3 Re8 10. 0-0 Nf6 11. Bg5 Nbd7 12. Nbd2 h6 13. Bh4 Be7 14. Qc2 Nd5 15. Bxe7 Rxe7 16. Nc4 N7f6 17. Rae1 Rxe1 18. Rxe1 Be6 19. Nce5 Qd6 20. a3 Re8 21. c4 Nf4 22. Bf1 c6 23. Qf2 Qd8 24. b4 Ng6 25. Nxg6 fxg6 26. Ne5 Ng4 27. Nxg4 Bxg4 28. Rxe8+ Qxe8 29. a4 Qe7 30. b5 Bf5 0-1

[Event "IECG QB.2007.0.00088 email"]
[Site "IECG email"]
[Date "2007.01.19"]
[Round "?"]
[White "Hartmayer, Thomas"]
[Black "Ortiz, Eric"]
[Result "1-0"]
[WhiteElo "1865"]
[BlackElo "1933"]
[PlyCount "75"]
[EventDate "2007.01.19"]
[EventType "tourn (corr)"]
[EventRounds "6"]
[SourceTitle "Corr 2024"]
[Source "ChessBase"]
[SourceDate "2023.10.19"]
[SourceVersion "1"]
[SourceVersionDate "2023.10.19"]
[SourceQuality "1"]

1. e4 e6 2. d4 d5 3. Nc3 Bb4 4. e5 c5 5. a3 Bxc3+ 6. bxc3 Ne7 7. Qg4 0-0 8. Nf3 Nbc6 9. Bd3 f5 10. exf6 Rxf6 11. Bg5 e5 12. Bxh7+ Kxh7 13. Qh5+ Kg8 14. Bxf6 gxf6 15. dxe5 Qf8 16. exf6 Qxf6 17. Qg5+ Qg7 18. Qxg7+ Kxg7 19. Ng5 Bd7 20. 0-0-0 Kf6 21. f4 Na5 22. Nh7+ Kg7 23. Rhe1 Nac6 24. Ng5 Rf8 25. g3 Rh8 26. Rd2 Bg4 27. Ne6+ Bxe6 28. Rxe6 Kf7 29. Rd6 Nb8 30. f5 Rg8 31. f6 Rg6 32. Rf2 Ng8 33. Rd8 Nc6 34. Rd7+ Kf8 35. Rxb7 Rxf6 36. Rxf6+ Nxf6 37. Rc7 Ne5 38. Rxa7 1-0

[Event "IECG QB.2007.0.00088 email"]
[Site "IECG email"]
[Date "2007.01.19"]
[Round "?"]
[White "Ortiz, Eric"]
[Black "Hartmayer, Thomas"]
[Result "1/2-1/2"]
[WhiteElo "1933"]
[BlackElo "1865"]
[PlyCount "79"]
[EventDate "2007.01.19"]
[EventType "tourn (corr)"]
[EventRounds "6"]
[SourceTitle "Corr 2024"]
[Source "ChessBase"]
[SourceDate "2023.10.19"]
[SourceVersion "1"]
[SourceVersionDate "2023.10.19"]
[SourceQuality "1"]

1. d4 d5 2. c4 Nc6 3. Nf3 Bg4 4. Nc3 e6 5. cxd5 exd5 6. Bf4 Nf6 7. e3 Bd6 8. Bg3 Bxg3 9. hxg3 Ne7 10. Qb3 b6 11. Ne5 0-0 12. f3 Be6 13. g4 Nd7 14. Qc2 h6 15. Nxd7 Qxd7 16. g5 Bf5 17. Qd2 hxg5 18. e4 Be6 19. Qxg5 f6 20. Qh5 Qe8 21. Qh2 Kf7 22. Qxc7 Qd8 23. Qg3 dxe4 24. 0-0-0 Nf5 25. Qe1 exf3 26. d5 Bd7 27. d6 Rc8 28. Qf2 Rh8 29. Rxh8 Qxh8 30. Kb1 Qh6 31. Qxf3 Ne3 32. Rd3 Bf5 33. g4 Bxd3+ 34. Bxd3 Kf8 35. Ne2 Rd8 36. Nf4 Rxd6 37. a3 Rxd3 38. Nxd3 Nc4 39. Qa8+ Ke7 40. Qxa7+ 1/2-1/2